ბათუმის შოთა რუსთაველის სახელმწიფო უნივერსიტეტის ბიბლიოთეკა

თხზულებანი. ესკიზები, მოთხრობები, საბავშვო მოთხრობები (ბიბ.ჩანაწერი № 50067)

000 -LEADER
fixed length control field 00820nam a2200205Ia 4500
001 - CONTROL NUMBER
control field 17005
003 - CONTROL NUMBER IDENTIFIER
control field GE_BSU
008 - FIXED-LENGTH DATA ELEMENTS--GENERAL INFORMATION
fixed length control field 181216s||||||||xx |||||||||||||| ||und||
040 ## - CATALOGING SOURCE
Transcribing agency GE_BSU
080 ## - UNIVERSAL DECIMAL CLASSIFICATION NUMBER
Universal Decimal Classification number 821.353.1-31
100 ## - MAIN ENTRY--PERSONAL NAME
Personal name გარიყული, მარიამ
245 ## - TITLE STATEMENT
Title თხზულებანი. ესკიზები, მოთხრობები, საბავშვო მოთხრობები
245 ## - TITLE STATEMENT
Statement of responsibility, etc. ლ. გოთუას წინასიტყვ.
260 ## - PUBLICATION, DISTRIBUTION, ETC.
Place of publication, distribution, etc. თბილისი
260 ## - PUBLICATION, DISTRIBUTION, ETC.
Name of publisher, distributor, etc. საბჭ. საქართველო
260 ## - PUBLICATION, DISTRIBUTION, ETC.
Date of publication, distribution, etc. 1967
300 ## - PHYSICAL DESCRIPTION
Extent 654 გვ. : 1ფ. პორტრ.20სმ.
653 ## - INDEX TERM--UNCONTROLLED
Uncontrolled term ესკიზები, მოთხრობები, საბავშვო მოთხრობები
942 ## - ADDED ENTRY ELEMENTS (KOHA)
Koha item type წიგნი
ეგზემპლარები
Withdrawn status Lost status Damaged status Not for loan Date acquired Barcode Date last seen Price effective from Koha item type
        2018-12-17 21824 2018-12-17 2018-12-17 წიგნი
        2018-12-17 21826 2018-12-17 2018-12-17 წიგნი
        2018-12-17 21827 2018-12-17 2018-12-17 წიგნი
        2018-12-17 21828 2018-12-17 2018-12-17 წიგნი